Decoding urban Indias carbon footprint: Spatial-numerical mapping of thermal energy emissions (Record no. 56743)

MARC details
000 -LEADER
fixed length control field 00473nam a2200157Ia 4500
100 ## - MAIN ENTRY--AUTHOR NAME
Personal name Mahendra Sethi
245 #0 - TITLE STATEMENT
Title Decoding urban Indias carbon footprint: Spatial-numerical mapping of thermal energy emissions
260 ## - PUBLICATION, DISTRIBUTION, ETC. (IMPRINT)
Name of publisher Current Science
Year of publication 2015
300 ## - PHYSICAL DESCRIPTION
Number of Pages 1616-1623
650 ## - SUBJECT ADDED ENTRY--TOPICAL TERM
Topical Term Carbon footprint
650 ## - SUBJECT ADDED ENTRY--TOPICAL TERM
Topical Term Spatial-numerical analysis
650 ## - SUBJECT ADDED ENTRY--TOPICAL TERM
Topical Term THermal power plants
650 ## - SUBJECT ADDED ENTRY--TOPICAL TERM
Topical Term Urban areas
942 ## - ADDED ENTRY ELEMENTS (KOHA)
Koha item type Journals
Holdings
Withdrawn status Lost status Damaged status Not for loan Home library Current library Shelving location Date acquired Serial Enumeration / chronology Koha item type
      Journals RRII Library RRII Library Climate change 17/06/2015 Volume 108, Issue 9 Journals